ბათუმის შოთა რუსთაველის სახელმწიფო უნივერსიტეტის ბიბლიოთეკა

Эксплуатация линейной части магистральных газопроводов. (ბიბ.ჩანაწერი № 38193)

000 -LEADER
fixed length control field 00655nam a2200193Ia 4500
001 - CONTROL NUMBER
control field 4183
003 - CONTROL NUMBER IDENTIFIER
control field GE_BSU
008 - FIXED-LENGTH DATA ELEMENTS--GENERAL INFORMATION
fixed length control field 181216s||||||||xx |||||||||||||| ||und||
040 ## - CATALOGING SOURCE
Transcribing agency GE_BSU
080 ## - UNIVERSAL DECIMAL CLASSIFICATION NUMBER
Universal Decimal Classification number 621.64
100 ## - MAIN ENTRY--PERSONAL NAME
Personal name Джафаров. М.Д. Никитенко, Е.А. Егерман, Г.Ф.
245 ## - TITLE STATEMENT
Title Эксплуатация линейной части магистральных газопроводов.
260 ## - PUBLICATION, DISTRIBUTION, ETC.
Place of publication, distribution, etc. Москва
260 ## - PUBLICATION, DISTRIBUTION, ETC.
Name of publisher, distributor, etc. Недра
260 ## - PUBLICATION, DISTRIBUTION, ETC.
Date of publication, distribution, etc. 1968
300 ## - PHYSICAL DESCRIPTION
Extent 231 с. 22 см.
653 ## - INDEX TERM--UNCONTROLLED
Uncontrolled term Эксплуатация линейной части магистральных газопроводов.
942 ## - ADDED ENTRY ELEMENTS (KOHA)
Koha item type წიგნი
ეგზემპლარები
Withdrawn status Lost status Damaged status Not for loan Date acquired Barcode Date last seen Price effective from Koha item type Public note
        2018-12-17 9377 2018-12-17 2018-12-17 წიგნი საცავი